|
|
|
|
| LEADER |
00000nla2a2200000 4500 |
| 001 |
232319 |
| 005 |
20250428133456.0 |
| 035 |
|
|
|a (RuTPU)RU\TPU\book\253356
|
| 035 |
|
|
|a RU\TPU\book\253355
|
| 090 |
|
|
|a 232319
|
| 100 |
|
|
|a 20130212d2012 k y0rusy50 ca
|
| 101 |
0 |
|
|a rus
|
| 102 |
|
|
|a RU
|
| 105 |
|
|
|a y z 100zy
|
| 135 |
|
|
|a drnn ---uucaa
|
| 181 |
|
0 |
|a i
|
| 182 |
|
0 |
|a b
|
| 200 |
1 |
|
|a Геохимическая подвижность химических элементов в природных водах территории Томь-Яйского междуречья
|f Е. А. Солдатова
|g науч. рук. Ю. Г. Копылова ; Н. В. Гусева
|
| 203 |
|
|
|a Текст
|c электронный
|
| 225 |
1 |
|
|a Гидрогеохимия и гидрогеоэкология земли
|
| 300 |
|
|
|a Заглавие с экрана
|
| 320 |
|
|
|a [Библиогр.: с. 596 (5 назв.)]
|
| 337 |
|
|
|a Adobe Reader
|
| 461 |
|
1 |
|0 (RuTPU)RU\TPU\book\252494
|t Проблемы геологии и освоения недр
|o труды XVI Международного симпозиума имени академика М. А. Усова студентов и молодых ученых, Томск, 2-7 апреля 2012 г.
|o в 2 т.
|f Национальный исследовательский Томский политехнический университет (ТПУ), Институт природных ресурсов (ИПР) ; Общество инженеров-нефтяников, Студенческий чаптер ; под ред. О. Г. Савичева
|d 2012
|
| 463 |
|
1 |
|0 (RuTPU)RU\TPU\book\252505
|t Т. 1
|v [С. 594-596]
|d 2012
|
| 610 |
1 |
|
|a труды учёных ТПУ
|
| 610 |
1 |
|
|a электронный ресурс
|
| 610 |
1 |
|
|a химические элементы
|
| 610 |
1 |
|
|a природные воды
|
| 610 |
1 |
|
|a Томь-Яйское междуречье
|
| 700 |
|
1 |
|a Солдатова
|b Е. А.
|c гидрогеолог
|c инженер-исследователь Томского политехнического университета
|f 1989-
|g Евгения Александровна
|3 (RuTPU)RU\TPU\pers\32042
|
| 702 |
|
1 |
|a Копылова
|b Ю. Г.
|c российский гидрогеолог
|c доцент Томского политехнического университета, кандидат геолого-минералогических наук
|c директор учебно-научно-производственного центра «Вода»
|f 1941-
|g Юлия Григорьевна
|4 727
|
| 702 |
|
1 |
|a Гусева
|b Н. В.
|c гидрогеолог
|c профессор Томского политехнического университета, доктор геолого-минералогических наук
|f 1984-
|g Наталья Владимировна
|4 727
|9 12650
|
| 801 |
|
2 |
|a RU
|b 63413507
|c 20141029
|g RCR
|
| 850 |
|
|
|a 63413507
|
| 856 |
4 |
|
|u http://www.lib.tpu.ru/fulltext/c/2012/C11/V1/287.pdf
|
| 942 |
|
|
|c CF
|